| 000 | 00709nam a22002295a 4500 | ||
|---|---|---|---|
| 005 | 20161213121855.0 | ||
| 008 | 161213s2014 ii a frb 001 0 eng d | ||
| 020 | _a9788123923604 | ||
| 040 |
_aEG-ScBUE _beng _cEG-ScBUE _dEG-ScBUE |
||
| 082 | 0 | 4 |
_222 _a617.692 _bPRA |
| 100 | 1 | _aPrabhu, Reshma | |
| 245 | 1 | 0 |
_aTextbook of conventional fixed partial dentures / _cReshma Prabhu. |
| 250 | _a1st ed. | ||
| 260 |
_aNew Delhi : _bCbs Publishers & Distribu, _c2014. |
||
| 300 |
_av, 180 p. : _bill. ; _c18 cm. |
||
| 500 | _aIndex : p. 179-180. | ||
| 504 | _aIncludes bibliographical references. | ||
| 650 | 7 |
_2BUEsh _941717 _aPartial dentures. |
|
| 651 | _2BUEsh | ||
| 653 |
_bDDent _cDecember2016 |
||
| 942 | _2ddc | ||
| 999 |
_c23557 _d23529 |
||